How is the Home Office By Sales and Marketing Employees During and After the Corona Crisis?
Zamestnávatelia musia ponúkať home-office kdekoľvek je to možné. Zabezpečuje to nariadenie Corona o bezpečnosti a ochrane zdravia pri práci, ktoré v Nemecku nadobudlo účinnosť 27. januára. Vyhláška obsahuje aj ochranné opatrenia pre tých zamestnancov, ktorých prítomnosť v spoločnosti je zásadná. Zam...
Salvato in:
| Autore principale: | |
|---|---|
| Natura: | Capitolo di libro |
| Lingua: | inglese |
| Soggetti: | |
| Tags: |
Nessun Tag, puoi essere il primo ad aggiungerne!!
|
MARC
| LEADER | 00000naa a2200000 4500 | ||
|---|---|---|---|
| 001 | 0277900 | ||
| 005 | 20210924100545.7 | ||
| 041 | 0 | |a eng | |
| 044 | |a SK | ||
| 245 | 1 | 0 | |a How is the Home Office By Sales and Marketing Employees During and After the Corona Crisis? |c Marcus Diedrich |
| 520 | |a Zamestnávatelia musia ponúkať home-office kdekoľvek je to možné. Zabezpečuje to nariadenie Corona o bezpečnosti a ochrane zdravia pri práci, ktoré v Nemecku nadobudlo účinnosť 27. januára. Vyhláška obsahuje aj ochranné opatrenia pre tých zamestnancov, ktorých prítomnosť v spoločnosti je zásadná. Zamestnávatelia musia prijať vhodné opatrenia na zaistenie rovnocennej ochrany pre nich a pre zamestnancov, ktorí nemôžu pracovať z domu. Zamestnávatelia sú povinní ponúkať home-office, pokiaľ neexistujú závažné prevádzkové dôvody, ktoré by svedčili o opaku. Skúmanie, ako zamestnanci marketingu a predaja hodnotia snahu svojich spoločností ponúkať domáce kancelárie v súčasnosti i v budúcnosti. | ||
| 610 | 2 | 0 | |a práca z domu |
| 610 | 2 | 0 | |a Nemecko |
| 610 | 2 | 0 | |a ochrana zdravia |
| 610 | 2 | 0 | |a koronavírus |
| 610 | 2 | 0 | |a pandémia |
| 610 | 2 | 0 | |a koronakríza |
| 100 | 1 | |a Diedrich, Marcus | |